00772 a2200205 4500003000200000005001700002040000900019082001600028100004700044245010700091260003900198300001200237505007200249650002300321651001800344700004500362942001200407999001900419952012800438020251110144710.0 cNust a621.382,JAM aJamal, NC Wasif Muhammad (TCC-05)9131758 aEmulation system of 8751 /cMuhammad Wasif Jamal, NC Jawad Saraf and Muhammad Shahzad Akram (TCC-05) aRawalpindibMCS (UET Lahore)c1997 a130 p.; aEmulator (Pge-5), Target system (Page-60), Power supply (Page-105). aUG Projects998716 aTCC-05998717 aSupervised by Lt Col Khaista Gul9131759 2ddccPR c182570d182570 00102ddc4070aMCSbMCScREFd2016-12-12o621.382, WASpMCSPTC-09r2016-12-08w2016-12-12yPRzAlmirah No.94, Shelf No. 1